Estatísticas para Quiz do Peru

Clique aqui para jogar o quiz

Estatísticas Gerais

  • Esse quiz foi jogado 1 173 vezes
  • A pontuação média é 10 de 20

Estatísticas das Respostas

DicaResposta% Correto
CapitalLima
98%
Língua oficialEspanhol
95%
Cordilheira que passa pelo PeruAndes
92%
Império que governou o Peru
durante a conquista espanhola
Império Inca
88%
Cidade antiga que é a atração
turística principal do Peru
Machu Picchu
83%
Animal conhecido como "cuy" quando
é comido como alimento
{Porquinho}-da-Índia
79%
Capital do acimaCusco
58%
Versão pequena de uma lhamaAlpaca
51%
Maior lago da América do Sul
compartilhado com a Bolívia
Lago Titicaca
50%
Semente, começando com Q, que cresce
em áreas das terras altas e é um alimento
saudável moderno em todo o mundo
Quinoa
46%
Prato feito de peixe cru marinado
em cítrico
Ceviche
44%
Língua indígena mais falada
(Dica: começa com Q)
Quíchua
43%
Moeda oficialSol
38%
Região de planalto do acima
compartilhado com a Bolívia
Alti{plano}
35%
Conquistador que conquistou
aquele império
Francisco Pizarro
31%
O ex-presidente que livrou o país do acima,
mas foi condenado por abusos dos direitos
humanos e fugiu para o Japão
Alberto Fujimori
26%
Guerrilhas maoistas que aterrorizaram
o país na década de 1980
Sendero {Luminoso}
26%
Segunda e terceira maiores cidades
(nomeie qualquer um)
Trujillo / Arequipa
24%
Coquetel nacional{Pisco} Sour
22%
Fertilizante que foi abundante
nas Ilhas Chincha
Guano
15%

Distribuição das Pontuações

Percentil de Números Respondidos

Porcentagem de Pessoas com Cada Pontuação

Sua Pontuação Histórica

Você não jogou esse quiz